Normal view MARC view
  • Biología

Entry Materia

Number of records used in: 170

001 - NÚMERO DE CONTROL DEL REGISTRO

  • campo de control: 4532

003 - IDENTIFICADOR DE NUMERO DE CONTROL

  • campo de control: MX-MxUPN

005 - FECHA Y HORA DE LA ÚLTIMA TRANSACCIÓN

  • campo de control: 20220525084704.0

008 - DATOS DE LONGITUD FIJA

  • campo de control de longitud fija: 220518n||acnnnbabn b a|a |d

035 ## - NÚMERO DE CONTROL DEL SISTEMA

  • Número de control del sistema: UPN10000004532

040 ## - FUENTE DE LA CATALOGACIÓN

  • Centro catalogador de origen: MX-MxUPN
  • Lengua de catalogación: spa
  • Agencia de transcripción: MX-MxUPN

046 ## - FECHAS CON CODIFICACIÓN ESPECIAL

  • Fecha final para contenidos agregados: 0

150 ## - ENCABEZAMIENTO - TEMÁTICO

  • Término de materia o nombre geográfico como elemento inicial: Biología
  • Subdivisión de materia general: Estudio y enseñanza (Secundaria)

670 ## - FUENTE EN LA QUE SE LOCALIZARON DATOS

  • Cita de la fuente: Biblioteca del Congreso (Estados Unidos), 18 mayo 2022:
  • Información localizada: catálogo electrónico (Biology -- Study and teaching (Secondary)

902 ## - CATALOGADOR

  • Catalogador: MEEG/200996

902 ## - CATALOGADOR

  • Catalogador: VRC/180522